<?xml version="1.0" encoding="UTF-8"?>
<record
    xmlns:xsi="http://www.w3.org/2001/XMLSchema-instance"
    xsi:schemaLocation="http://www.loc.gov/MARC21/slim http://www.loc.gov/standards/marcxml/schema/MARC21slim.xsd"
    xmlns="http://www.loc.gov/MARC21/slim">

  <leader>03314nam a2200361 a 4500</leader>
  <controlfield tag="001">23765</controlfield>
  <controlfield tag="003">BD-RjUL</controlfield>
  <controlfield tag="005">20211209000953.0</controlfield>
  <controlfield tag="008">140311m1969enk           000 0 eng d</controlfield>
  <datafield tag="035" ind1=" " ind2=" ">
    <subfield code="a">(BD-RjUL)23830</subfield>
  </datafield>
  <datafield tag="040" ind1=" " ind2=" ">
    <subfield code="a">(BD-RjUL)23830</subfield>
    <subfield code="b">eng</subfield>
    <subfield code="c">BD-RjUL</subfield>
    <subfield code="d">BD-RjUL</subfield>
  </datafield>
  <datafield tag="041" ind1=" " ind2=" ">
    <subfield code="a">eng</subfield>
  </datafield>
  <datafield tag="082" ind1=" " ind2=" ">
    <subfield code="a">826.23</subfield>
    <subfield code="b">NEL V-19 1969</subfield>
  </datafield>
  <datafield tag="090" ind1=" " ind2=" ">
    <subfield code="a">BX4705.N5</subfield>
    <subfield code="b">A4</subfield>
  </datafield>
  <datafield tag="100" ind1="1" ind2=" ">
    <subfield code="a">Newman, John Henry </subfield>
    <subfield code="q">John Henry Newman,.</subfield>
    <subfield code="9">73168</subfield>
  </datafield>
  <datafield tag="245" ind1="1" ind2="4">
    <subfield code="a">The letters and diaries of John Henry Newman /</subfield>
    <subfield code="c">edited at the Birmingham Oratory with notes and an introd. by Charles Stephen Dessain</subfield>
    <subfield code="n">Vollume  XIX.</subfield>
    <subfield code="p">Consulting the Laity January 1859 to June 1860.</subfield>
  </datafield>
  <datafield tag="260" ind1=" " ind2=" ">
    <subfield code="a">London ;</subfield>
    <subfield code="a">New York :</subfield>
    <subfield code="b">T. Nelson,</subfield>
    <subfield code="c">1969.</subfield>
  </datafield>
  <datafield tag="300" ind1=" " ind2=" ">
    <subfield code="a">xvii, 594 p. :</subfield>
    <subfield code="c">25 cm.</subfield>
    <subfield code="b">ill. ;</subfield>
  </datafield>
  <datafield tag="500" ind1=" " ind2=" ">
    <subfield code="a">Some vols. edited by C. S. Dessain and others, 1963-77; by I. Ker and T. Gornall, 1978-80; by T. Gornall, 1981; by G. Tracey, 1984- by F. J. McGrath with the assistance of G. Tracey, 2006-</subfield>
  </datafield>
  <datafield tag="500" ind1=" " ind2=" ">
    <subfield code="a">Imprint varies: 1978- Oxford : Clarendon Press 2006- Oxford : Oxford University Press.</subfield>
  </datafield>
  <datafield tag="500" ind1=" " ind2=" ">
    <subfield code="a">Includes indexes</subfield>
  </datafield>
  <datafield tag="505" ind1="1" ind2=" ">
    <subfield code="a">v.1. Ealing, Trinity, Oriel, Feb. 1801-Dec. 1826 -- v. 2. Tutor of Oriel, Jan. 1827-Dec. 1831 -- v. 3. New bearings, Jan. 1832-June 1833 -- v.4. The Oxford Movement, July 1833-Dec. 1834 -- v. 5. Liberalism in Oxford, Jan. 1835-Dec. 1836 -- v. 6. The Via Media and Froude's Remains, Jan. 1837-Dec. 1838 -- v.7. Editing the British critic, January 1839-December 1840 -- v. 8. Tract 90 and the Jerusalem bishopric, January 1841-April 1842 -- v.9. Littlemore and the parting of friends May 1842-October 1843 -- v.10. The final step, 1 November 1843-6 October 1845 -- v.11. Littlemore to Rome, Oct. 1845-Dec. 1846 -- v.12. Rome to Birmingham, Jan. 1847-Dec. 1848 -- v.13. Birmingham and London, Jan. 1849-June 1850 -- v.14. Papal aggression, July 1850-Dec. 1851 -- v.15. The Achilli trial, Jan. 1852-Dec. 1853 -- v.16. Founding a university, Jan. 1854-Sept. 1855 -- v.17. Opposition in Dublin and London, 1855 to March 1857 -- v. 18. New beginnings in England, April 1857 to December 1858 -- v. 19. Consulting the Laity, January 1859 to June 1861 -- v. 20. Standing firm amid trials, July 1861 to December 1863 -- v. 21. The Apologia, January 1864 to June 1865 -- v. 22. Between Pusey and the Extremists, July 1865 to December 1866 -- v. 23. Defeat at Oxford. Defence at Rome, January to December 1867 -- v. 24. A Grammar of assent, January 1868 to December 1869 -- v. 25. The Vatican Council, January 1870 to December 1871 -- v. 26. Aftermaths, January 1872 to December 1873 -- v. 27. The controversy with Gladstone, January 1874 to December 1875 -- v. 28. Fellow of Trinity, January, 1876 -- v. 29. The Cardinalate, January 1879 to September 1881 -- v. 30. A cardinal's apostolate, October 1881 to December 1884 -- v. 31. The last years, January 1885 to August 1890 -- v. 32. Supplement.</subfield>
  </datafield>
  <datafield tag="600" ind1="1" ind2="0">
    <subfield code="a">Newman, John Henry,</subfield>
    <subfield code="d">1801-1890</subfield>
    <subfield code="9">73189</subfield>
  </datafield>
  <datafield tag="600" ind1="1" ind2="0">
    <subfield code="a">Newman, John Henry,</subfield>
    <subfield code="d">1801-1890</subfield>
    <subfield code="9">73191</subfield>
  </datafield>
  <datafield tag="610" ind1="2" ind2="0">
    <subfield code="a">Catholic Church</subfield>
    <subfield code="9">73193</subfield>
  </datafield>
  <datafield tag="700" ind1="1" ind2=" ">
    <subfield code="a">Dessain, Charles Stephen.</subfield>
    <subfield code="9">67671</subfield>
  </datafield>
  <datafield tag="700" ind1="1" ind2=" ">
    <subfield code="a">Ker, I. T.</subfield>
    <subfield code="q">(Ian Turnbull)</subfield>
    <subfield code="9">73172</subfield>
  </datafield>
  <datafield tag="700" ind1="1" ind2=" ">
    <subfield code="a">Gornall, Thomas.</subfield>
    <subfield code="9">73173</subfield>
  </datafield>
  <datafield tag="700" ind1="1" ind2=" ">
    <subfield code="a">Tracey, Gerard,</subfield>
    <subfield code="d">1954-</subfield>
    <subfield code="9">73174</subfield>
  </datafield>
  <datafield tag="700" ind1="1" ind2=" ">
    <subfield code="a">McGrath, Francis J.,</subfield>
    <subfield code="d">1930-2003.</subfield>
    <subfield code="9">73175</subfield>
  </datafield>
  <datafield tag="942" ind1=" " ind2=" ">
    <subfield code="2">ddc</subfield>
    <subfield code="c">BK</subfield>
  </datafield>
  <datafield tag="999" ind1=" " ind2=" ">
    <subfield code="c">23765</subfield>
    <subfield code="d">23765</subfield>
  </datafield>
  <datafield tag="952" ind1=" " ind2=" ">
    <subfield code="0">0</subfield>
    <subfield code="1">0</subfield>
    <subfield code="2">ddc</subfield>
    <subfield code="4">0</subfield>
    <subfield code="7">0</subfield>
    <subfield code="8">NFIC</subfield>
    <subfield code="a">RUCL</subfield>
    <subfield code="b">RUCL</subfield>
    <subfield code="c">Stack</subfield>
    <subfield code="d">1969-12-02</subfield>
    <subfield code="e">Zeit</subfield>
    <subfield code="l">0</subfield>
    <subfield code="o">826.23 NEL V-19 1969</subfield>
    <subfield code="r">2014-03-11 00:00:00</subfield>
    <subfield code="t">C-2</subfield>
    <subfield code="w">2014-03-11</subfield>
    <subfield code="y">BK</subfield>
  </datafield>
</record>
